000 01335nam0a2200361 i 4500
001 RU\NLR\BIBL_A\010020745
005 20260608065158.0
010 _a9785699689903
_bВ пер.
_94000
021 _aRU
_b2013-93300
_9706д/13
035 _a(NILC)RuMoRGB-006706718
035 _a(NLR Aleph) 010020745
090 _a9900071
_c9900071
100 _a20140114d2013 km y0rusy50 ca
101 1 _arus
_cfre
102 _aRU
105 _ay||||||||||||
200 1 _aКонец Распутина
_fФеликс Юсупов
_g[пер. с фр. Е. Л. Кассировой]
210 _aМосква
_cЭксмо
_d2013
215 _a221, [1] с.
_d18
225 1 _aPocket book
333 _a16+
600 1 _aРаспутин
_bГ.Е.
_f1872 - 1916
_gГригорий Ефимович
_91521187
_3RU\NLR\AUTH\66963059
675 _a94(47+57)<18/19>(093.3)
686 1 _aТ3(2) 52-8
700 1 _7ca
_8rus
_aЮсупов
_bФ. Ф.
_f1887-1967
_gФеликс Феликсович
_9121377
_3RU\NLR\AUTH\7711635
702 1 _4570
_8rus
_7ca
_aРаспутин
_bГ. Е.
_f1872-1916
_gГригорий Ефимович
_3RU\NLR\AUTH\775379
_9115343
801 0 _aRU
_bRuMoRKP
_c20080930
_gRCR
801 2 _aRU
_bРГБ
_c20131206
_grcr
801 1 _aRU
_bRuMoRKP
_c20080930
_2rusmarc
942 _cBOOK
980 _aNBR